[Event "Almansa U2000 op 10th"]
[Site "Almansa"]
[Date "2015.08.09"]
[Round "1.2"]
[White "Quiralte Lara, Jose Maria"]
[Black "Diaz Rodriguez, Jose Antonio"]
[Result "0-1"]
[WhiteElo "1646"]
[BlackElo "1996"]
[PlyCount "46"]
[EventDate "2015.08.09"]
[EventType "swiss"]
[EventRounds "9"]
[EventCountry "ESP"]
[SourceTitle "EXT 2024"]
[Source "ChessBase"]
[SourceDate "2023.10.10"]
[SourceVersion "1"]
[SourceVersionDate "2023.10.10"]
[SourceQuality "1"]

1. e4 e6 2. d4 d5 3. Nd2 Nf6 4. e5 Nfd7 5. Bd3 c5 6. c3 Nc6 7. Ne2 cxd4 8. cxd4 f6 9. exf6 Nxf6 10. Nf3 Bd6 11. Bf4 0-0 12. 0-0 Ne4 13. Bxd6 Qxd6 14. Nc3 Nxc3 15. bxc3 Qf4 16. Qc2 Qh6 17. Rae1 Rxf3 18. gxf3 e5 19. Qc1 Qh5 20. Qe3 Bh3 21. dxe5 Rf8 22. f4 Nxe5 23. Qxe5 Qg4+ 0-1

[Event "ESP-chT U16"]
[Site "Benidorm"]
[Date "2012.12.08"]
[Round "5"]
[White "Quiralte Lara, Jose Maria"]
[Black "Bustos Bernardo, Samuel"]
[Result "0-1"]
[WhiteElo "1267"]
[BlackElo "1617"]
[PlyCount "83"]
[EventDate "2012.12.06"]
[EventType "team-swiss"]
[EventRounds "6"]
[EventCountry "ESP"]
[SourceTitle "EXT 2022"]
[Source "ChessBase"]
[SourceDate "2021.10.06"]
[SourceVersion "1"]
[SourceVersionDate "2021.10.06"]
[SourceQuality "1"]
[WhiteTeam "Tomelloso"]
[BlackTeam "Bargas"]
[WhiteTeamCountry "ESP"]
[BlackTeamCountry "ESP"]

1. e4 c6 2. Nc3 d5 3. Qf3 dxe4 4. Nxe4 Nd7 5. c3 Ngf6 6. d4 Nxe4 7. Qxe4 Nf6 8. Qc2 Bg4 9. f3 Bh5 10. Bd3 e6 11. Bf4 Bd6 12. Ne2 Nd5 13. Qd2 Nxf4 14. Nxf4 Bxf3 15. Nxe6 Qh4+ 16. Qf2 Qxf2+ 17. Kxf2 fxe6 18. gxf3 0-0 19. Rae1 Rf6 20. h4 Raf8 21. Be4 e5 22. d5 c5 23. c4 Rf4 24. Ke3 R8f6 25. Reg1 Be7 26. Rg5 Bd6 27. Rhg1 Rf7 28. R1g4 R4f6 29. Rg1 a6 30. b3 Rh6 31. Bf5 Kf8 32. Be6 Re7 33. Rf5+ Ke8 34. h5 b6 35. Rfg5 Kd8 36. Rxg7 Rxh5 37. Rxe7 Bxe7 38. Rg8+ Kc7 39. Rc8+ Kb7 40. Rc6 Rh4 41. Bg4 h5 42. Bc8+ 0-1